Регионална библиотека "Любен Каравелов" - Русе

Какво се случва с любовта? (Запис номер 186139)

MARC детайли
000 -Лидер
Контролно поле с фиксирана дължина 02013nam a2200409 c 4500
003 - Код на организацията, давaща контролен номер
Контролно поле BLK
005 - Дата и час на последна редакция
Контролно поле 20250721172648.0
008 - Елементи от данни с фиксирана дължина
fixed length control field 180411b bul|||||r ||||||| ||bul||
010 ## - Наследен системен номер
LC control number KNG00195133000
020 ## - Международен стандартен номер на книга ISBN
Международен стандартен номер на книга ISBN 978-954-28-1331-6
-- издат.: Сиела Норма
040 ## - Източник на каталожния запис
Идентификатор на билиотеката - собственик на записа BLK
041 ## - Код за език
Код за езика на текст/звукозапис или на отделно заглавие Български
Код за езика КДБФ Български
072 #7 - Код за тематичната категория
Код организация bullib
Код за тематична категория Н15
Текст Психология Н
080 ## - УДК
Текстов определител УДК Емоции, чувства, преживявания. Емпатия
УДК код - определител по УДК 159.942
УДК определител
УДК - код + определител 159.942
080 ## - УДК
Текстов определител УДК Мислене. Представа - Абстракция. Подбор. Сравнение. Размисъл. Преценка. Мнение. Умозаключение. Индукция. Дедукция. Евристика. Мислене и говорене. Рефлексия (психол.)
УДК код - определител по УДК 159.955
УДК определител
УДК - код + определител 159.955
080 ## - УДК
Текстов определител УДК Индивидуална психология. Психология на личността. Индивидуалност. Психология на характера. Характерология. Психологическа типология
УДК код - определител по УДК 159.923
УДК определител
УДК - код + определител 159.923
100 1# - Редна дума - Автор
Автор Даскалова, Стела
Авторска отговорност първи автор
R(LIN) 324432
139 ## - Редно поле
Редна дума Даскалова, Стела
Авторски знак Дас - Д 24
245 10 - Сведения за заглавието
Заглавие Какво се случва с любовта?
Подзаглавни данни Капаните на нашите убеждения
Редно поле (дума) Стела Даскалова.
257 ## - Страна на издаване
Страна на създаване/издаване България
260 ## - Област на издателските данни
-- София
Име на издателя, разпространителя и проч. Сиела Норма
Година на издаване 2013
300 ## - Физическа характеристика
Страници 200 с.
Размери/Мащаб 21 см
380 ## - Жанр
Жанр Философия
650 #4 - Допълнително описание по предмет – тема
Основно описание – тема или топоним Любов
9 (RLIN) 160853
650 #4 - Допълнително описание по предмет – тема
Основно описание – тема или топоним Мислене
9 (RLIN) 162353
650 #4 - Допълнително описание по предмет – тема
Основно описание – тема или топоним Личност - психология
9 (RLIN) 243160
653 ## - Ключова дума – ненормативна
Ключова дума любов
653 ## - Ключова дума – ненормативна
Ключова дума мислене
653 ## - Ключова дума – ненормативна
Ключова дума психология на личността
659 ## - Тематичен бюлетин
Тематичен бюлетин Н
852 ## - Местоположение
Форматна сигнатура Цб 283020
856 4# - Електронен адрес и достъп
Електронен формат pdf - файл
Път до файла /url/
856 4# - Електронен адрес и достъп
Електронен формат pdf - файл
Път до файла /url/
942 ## - АРТИКУЛИ
Вид на библиотечния материал Книги
Скрит в OPAC Не
Koha issues (borrowed), all copies 18
944 ## - СЪЗДАВАНЕ И РЕДАКЦИЯ на ЗАПИСА
Създаване/Редакция Създаване
Дата на регистрацията/редакция 03.11.2016
Статус, дата на статуса Мартин Енчев
Служител, извършил регистрацията/редакцията 30575
944 ## - СЪЗДАВАНЕ И РЕДАКЦИЯ на ЗАПИСА
Създаване/Редакция Редакция
Дата на регистрацията/редакция 09.12.2016
Статус, дата на статуса ф /
Служител, извършил регистрацията/редакцията Людмила_Стоянова
999 ## - СИСТЕМНИ КОНТРОЛНИ НОМЕРА
Koha biblionumber 186139
Koha biblioitemnumber 186139
Наличности
Код за отписване Код за изгубен артикул Източник на класификационната схема Код за повреда Коз за рестрикции Код за отдаване Артикулен № Име на библиотеката - собственик Име на библиотеката, в която се намира в момента Статус (Текущо местоположение) Дата на вписване в системата Местоположение - отдел Цена в лева Инвентарен номер Систематично азбучна сигнатура Баркод Номер на екземпляра Цена в евро Служебна бележка Служебен тип на артикула
  Не е изгубен Universal Decimal Classification Не е повреден без рестрикции заемане за дома 323600 Регионална библиотека "Любен Каравелов" Русе Регионална библиотека "Любен Каравелов" Русе Заемна - подръчен фонд 2016-11-03 Заемна - подръчен фонд 6.00 120000805323 П 159.9/Д 24 120000805323 1 3.07 Дост: Pk Вид: Ф N: 1484 Дата: 01.11.2016 Дата инв: 01.02.2018 Бележки инв: П2018 Книги
  Не е изгубен Universal Decimal Classification Не е повреден без рестрикции заемане за дома 323601 Регионална библиотека "Любен Каравелов" Русе Регионална библиотека "Любен Каравелов" Русе Заемна - подръчен фонд 2016-11-03 Заемна - подръчен фонд 6.00 120000805324 П 159.9/Д 24 120000805324 2 3.07 Дост: Pk Вид: Ф N: 1484 Дата: 01.11.2016 Книги
Vip Innovations Ltd, Rousse, Bulgaria 2025